Využitie neštandardných aplikácií balíka Office 365 v podniku bakalárska práca

Uložené v:
Podrobná bibliografia
Hlavný autor: Pivarník, Adam
Korporativný autor: Fakulta podnikového manažmentu EU. Katedra informačného manažmentu
Ďalší autori: Zahradník, Peter, 1995-
Médium: Kniha
Jazyk:Slovak
Vydavateľské údaje: Bratislava 2025
Tagy: Pridať tag
Žiadne tagy, Buďte prvý, kto otaguje tento záznam!

MARC

LEADER 00000nbm a2200000 4500
001 0309974
005 20260113142724.5
041 0 |a slo 
044 |a SK 
245 1 0 |a Využitie neštandardných aplikácií balíka Office 365 v podniku  |b bakalárska práca  |c Adam Pivarník ; školiteľ: Peter Zahradník 
264 1 |a Bratislava  |c 2025 
300 |a 59 s. 
100 1 |a Pivarník, Adam 
700 1 |a Zahradník, Peter, 1995- 
710 2 |a Fakulta podnikového manažmentu EU. Katedra informačného manažmentu